[Event "POL-ch blitz"]
[Site "Suwalki"]
[Date "2022.09.24"]
[Round "1"]
[White "Kowalski, Igor"]
[Black "Olejniczak, Lukasz"]
[Result "1-0"]
[WhiteElo "2344"]
[BlackElo "1427"]
[PlyCount "25"]
[EventDate "2022.09.24"]
[EventType "swiss (blitz)"]
[EventRounds "15"]
[EventCountry "POL"]
[SourceTitle "CBM 210 Extra"]
[Source "ChessBase"]
[SourceDate "2022.11.30"]
[SourceVersion "1"]
[SourceVersionDate "2022.11.30"]
[SourceQuality "1"]

1. Nf3 d6 2. d4 e6 3. e4 Be7 4. c4 Nf6 5. Nc3 0-0 6. Bd3 Nbd7 7. e5 Ne8 8. h4 c6 9. Bxh7+ Kxh7 10. Ng5+ Kg8 11. Qh5 Bxg5 12. hxg5 f6 13. g6 1-0